Evolving cities : geocomputation in territorial planning

Αποθηκεύτηκε σε:
Λεπτομέρειες βιβλιογραφικής εγγραφής
Άλλοι συγγραφείς: Diappi, Lidia (Επιμελητής έκδοσης)
Μορφή: Βιβλίο
Γλώσσα:English
Δημοσίευση: Aldershot, Hants, England : Ashgate, 2004
Σειρά:Urban and regional planning and development
Θέματα:
Ετικέτες: Προσθήκη ετικέτας
Δεν υπάρχουν, Καταχωρήστε ετικέτα πρώτοι!

MARC

LEADER 00000nam a2200000 i 4500
001 1/92624
008 080828s2004 eng d
020 |a 0-7546-4194-5 
035 |l 10099696 
040 |a GR-MY-UA  |b gre  |e aacr 
041 0 |a eng 
082 0 |a 307.1216028563  |2 (22) 
245 1 0 |a Evolving cities :  |b geocomputation in territorial planning /  |c edited by Lidia Diappi 
260 |a Aldershot, Hants, England :   |b Ashgate,   |c 2004 
300 |a xii, 229 σ.;  |b εικ.;  |c 24 εκ. 
490 1 |a Urban and regional planning and development series 
504 |a Περιέχει βιβλιογραφικές παραπομπές και ευρετήριο 
650 0 0 |a Information storage and retrieval systems  |x City planning. 
650 0 0 |a Information storage and retrieval systems  |x Regional planning. 
650 0 0 |a Geographic information systems. 
700 1 |a Diappi, Lidia.  |4 edt 
830 0 |a Urban and regional planning and development 
852 |a INST  |b LESVOS  |e 20080828  |h 307.1216028563 EVO  |p 005100042980  |q 005100042980  |t BK  |y 0 
901 |a BIBL1-2008-2 
909 |a Λ  |b 151072 
922 |a 1ΕΛΗ  |b 200802  |c ΕΠΕΑΕΚ2/ΤΓ  |d ΕΛΕΥΘΕΡΟΥΔΑΚΗΣ 
970 |a ΚΑΡΑ  |b ΓΙΑΣΕΜΗ  |z 2008/08/28